| 000 | 00392nam a2200181Ia 4500 | ||
|---|---|---|---|
| 100 | _aBarve/S.B | ||
| 650 | _aMaterials technology | ||
| 250 | _a3 | ||
| 942 | _cBK | ||
| 366 | _f10 | ||
| 654 | _amaterials technology | ||
| 245 | _aTextbook of Materials technology | ||
| 260 |
_bVipul prakashan _c2014 |
||
| 082 | _bBAR | ||
| 300 | _a297 | ||
| 546 |
_aENGLISH _cInfo.Tech |
||
| 999 |
_c27839 _d27839 |
||